Global finance / (Record no. 346986)

000 -LEADER
fixed length control field 01641 a2200205 4500
020 ## - INTERNATIONAL STANDARD BOOK NUMBER
International Standard Book Number 0673469484 (hardcover)
020 ## - INTERNATIONAL STANDARD BOOK NUMBER
International Standard Book Number 9780673469489 (hardcover)
082 04 - DEWEY DECIMAL CLASSIFICATION NUMBER
Classification number 332.042
090 ## - LOCALLY ASSIGNED LC-TYPE CALL NUMBER (OCLC); LOCAL CALL NUMBER (RLIN)
-- 4544
-- 4544
100 1# - MAIN ENTRY--PERSONAL NAME
Personal name Eng, Maximo.
245 10 - TITLE STATEMENT
Title Global finance /
Statement of responsibility, etc. Maximo Eng, Francis A. Lees, Laurence J. Mauer, Maximo V. Eng.
260 ## - PUBLICATION, DISTRIBUTION, ETC.
Place of publication, distribution, etc. [S.l.] :
Name of publisher, distributor, etc. Harpercollins College Div,
Date of publication, distribution, etc. 1995.
300 ## - PHYSICAL DESCRIPTION
Extent 750 p. ;
Dimensions 25 cm.
520 ## - SUMMARY, ETC.
Summary, etc. This textbook was developed to help guide professors faced with teaching a comprehensive survey course of global finance (a complex international network of markets, institutions and financial instruments). Both theory and pracice are incorporated to provide students with a conceptual framework for understanding events and market trends in international finance, using diagrams to ease learning. This survey approach first describes the macroenvironment of international finance and monetary systems and then integrates the four major areas of global finance: financial markets, banking, corporate finance and portfolio investment management. The interactions of key players, such as corporations, reveals the forces governing world financial markets through an analysis of foreign exchange, Euro currencies and international bonds. The well-known economic centres of London, New York and Tokyo are included, together with newer, more specialized offshore markets and banking centres.
700 1# - ADDED ENTRY--PERSONAL NAME
Personal name Lees, Francis A.
700 1# - ADDED ENTRY--PERSONAL NAME
Personal name Mauer, Laurence J.
700 1# - ADDED ENTRY--PERSONAL NAME
Personal name Eng, Maximo V.
856 40 - ELECTRONIC LOCATION AND ACCESS
Materials specified Amazon.com
Uniform Resource Identifier <a href="http://www.amazon.com/exec/obidos/ASIN/0673469484/chopaconline-20">http://www.amazon.com/exec/obidos/ASIN/0673469484/chopaconline-20</a>
942 ## - ADDED ENTRY ELEMENTS (KOHA)
Institution code [OBSOLETE] NBS
Koha item type Book
Call number prefix 332.042 ENG
Holdings
Withdrawn status Lost status Damaged status Not for loan Permanent Location Current Location Date acquired Total Checkouts Full call number Barcode Date last seen Date last checked out Price effective from Koha item type
        Central Library (CL) Central Library (CL) 08/28/2013 1 332.042 ENG NBS3210 11/22/2017 07/25/2017 08/28/2013 Book
© 2023 Central Library, National University of Sciences and Technology. All Rights Reserved.